Sports Quiz

Random Sports or Football Quiz

Football (Soccer): Born Each Day In February Quiz Stats

Quiz not verified by Sporcle

Challenge
Share
Tweet
Embed
Score 0/29 Timer 08:00
0 Plays Today
Date Person % Correct
February 5Cristiano Ronaldo
97.2%
February 2Gerard Piqué
95.4%
February 3Joachim Löw
92.7%
February 10Radamel Falcao
90.8%
February 22Branislav Ivanović
89.9%
February 25Park Ji-sung
88.1%
February 11Rafael van der Vaart
87.2%
February 21Riyad Mahrez
87.2%
February 8Hristo Stoichkov
85.3%
February 26Ole Gunnar Solskjær
84.4%
February 28Dino Zoff
84.4%
February 20Jari Litmanen
82.6%
February 18Roberto Baggio
78.9%
February 16Bebeto
75.2%
February 14Kevin Keegan
69.7%
Date Person % Correct
February 29Benedikt Höwedes
69.7%
February 13Pierluigi Collina
68.8%
February 19Sócrates
67%
February 15Rui Patrício
64.2%
February 17Adriano
62.4%
February 23Gareth Barry
61.5%
February 24Denis Law
59.6%
February 9Rinus Michels
54.1%
February 7Brian Deane
48.6%
February 1Stanley Matthews
47.7%
February 6Billy Wright
39.4%
February 12Hong Myung-bo
39.4%
February 27Carlos Alberto Parreira
32.1%
February 4Gyula Grosics
18.3%

You're not logged in!

Compare scores with friends on all Sporcle quizzes.
Join for Free
OR
Log In

You Might Also Like...

Show Comments

Extras

Top Quizzes Today


Score Distribution

Your Account Isn't Verified!

In order to create a playlist on Sporcle, you need to verify the email address you used during registration. Go to your Sporcle Settings to finish the process.

Report this User

Report this user for behavior that violates our Community Guidelines.

Details: